Städte und Gemeinden im Landkreis Gifhorn mit Karte - Statistiken

Allgemein
  • Dieses Quiz wurde 187 mal gespielt
  • Das Durchschnittsergebnis liegt bei 24 aus 41
Antworten auf der Karte
Die Antworten werden auf der Karte rot bzw. grün angezeigt, abhängig davon wie oft sie richtig erraten wurden.
 
Antwortstatistiken
Stadt oder Gemeinde % Korrekt
Gifhorn
100%
Hankensbüttel
89%
Meine
89%
Isenbüttel
81%
Wittingen
81%
Meinersen
79%
Müden (Aller)
73%
Calberlah
69%
Leiferde
69%
Wahrenholz
69%
Wesendorf
69%
Brome
68%
Hillerse
66%
Rötgesbüttel
66%
Schwülper
66%
Groß Oesingen
61%
Sassenburg
61%
Adenbüttel
60%
Wasbüttel
58%
Weyhausen
58%
Ribbesbüttel
56%
Ummern
56%
Didderse
55%
Parsau
53%
Vordorf
52%
Osloß
48%
Rühen
48%
Tappenbeck
48%
Tülau
48%
Wagenhoff
48%
Jembke
47%
Ehra-Lessien
44%
Schönewörde
44%
Sprakensehl
44%
Steinhorst
44%
Bergfeld
40%
Barwedel
37%
Tiddische
37%
Bokensdorf
34%
Obernholz
27%
Dedelstorf
24%
Keine übereinstimmenden Quizze gefunden
Verteilung der Resultate
Anzahl Personen mit jedem Resultat
Perzentil nach korrekt beantworteten Fragen
Ihre Resultats-Entwicklung
Sie haben dieses Quiz noch nicht gespielt